000
00326nam a2200121Ia 4500
008
240624s9999 xx 000 0 und d
041
_a
eng
082
_a
658.7 COY
100
_a
COYLE JOHN J
245
_a
LOGISTICS APPROACH TO SUPPLY CHAIN MANAG
260
_c
2012
_a
New Delhi
_b
Cengage Learning
300
_a
513 , p. , 23 : cm.
999
_c
28820
_d
28820